A dictionary of the Pathan tribes on the North-West Frontier of India. (Record no. 331166)

000 -LEADER
fixed length control field 00628nam a22001937 4500
001 - CONTROL NUMBER
control field 6779122
003 - CONTROL NUMBER IDENTIFIER
control field NUST
005 - DATE AND TIME OF LATEST TRANSACTION
control field 20170920154123.0
008 - FIXED-LENGTH DATA ELEMENTS--GENERAL INFORMATION
fixed length control field 910517s1910 ii 000 0 eng
010 ## - LIBRARY OF CONGRESS CONTROL NUMBER
LC control number ltf91052745
020 ## - INTERNATIONAL STANDARD BOOK NUMBER
International Standard Book Number 9693516508
040 ## - CATALOGING SOURCE
Original cataloging agency DLC
Transcribing agency DLC
Modifying agency DLC
050 00 - LIBRARY OF CONGRESS CALL NUMBER
Classification number 4PK 292
082 ## - DEWEY DECIMAL CLASSIFICATION NUMBER
Classification number 954.912
Author Mark DIC
110 1# - MAIN ENTRY--CORPORATE NAME
Corporate name or jurisdiction name as entry element India.
Subordinate unit Army.
-- General Staff Branch. [from old catalog]
9 (RLIN) 4700
245 02 - TITLE STATEMENT
Title A dictionary of the Pathan tribes on the North-West Frontier of India.
260 ## - PUBLICATION, DISTRIBUTION, ETC.
Place of publication, distribution, etc. Calcutta,
Name of publisher, distributor, etc. Superintendent Govt. Print., India,
Date of publication, distribution, etc. 1910.
300 ## - PHYSICAL DESCRIPTION
Extent 262 p.
906 ## - LOCAL DATA ELEMENT F, LDF (RLIN)
a 0
b cbc
c premunv
d u
e ncip
f 19
g y-gencatlg
942 ## - ADDED ENTRY ELEMENTS (KOHA)
Source of classification or shelving scheme
Koha item type Book
Holdings
Withdrawn status Lost status Source of classification or shelving scheme Damaged status Not for loan Collection code Permanent Location Current Location Shelving location Date acquired Total Checkouts Total Renewals Full call number Barcode Date last seen Date last checked out Copy number Price effective from Koha item type
            Central Library (CL) Central Library (CL) Book Cart 09/20/2017 1 2 954.912 DIC CL2878 01/30/2026 10/07/2025 1 09/20/2017 Book
© 2023 Central Library, National University of Sciences and Technology. All Rights Reserved.